Songs from the First Line(s) - Katy Perry - Statistics

General Stats
  • This quiz has been taken 104 times
  • The average score is 11 of 25
Answer Stats
Hint Answer % Correct
Do you ever feel like a plastic bag / Drifting through the wind / Wanting to start again? / Do you ever feel, feel so paper-thin Firework
94%
I used to bite my tongue and hold my breath / Scared to rock the boat and make a mess / So I sat quietly / Agreed politely Roar
90%
You change your mind like a girl changes clothes / Yeah, you PMS like a b***h I would know / And you over-think always speak cryptically Hot N Cold
81%
There's a stranger in my bed, / There's a pounding in my head / Glitter all over the room / Pink flamingos in the pool Last Friday Night (T.G.I.F.)
79%
You think I'm pretty / Without any make-up on / You think I'm funny / When I tell the punchline wrong Teenage Dream
69%
(I'm wide awake) Yeah, I was in the dark / I was falling hard / With an open heart (I'm wide awake) Wide Awake
69%
Summer after high school, when we first met / We'd make out in your Mustang to Radiohead The One That Got Away
66%
Greetings, loved ones / Let's take a journey / I know a place / Where the grass is really greener California Gurls
64%
You're so hypnotizing / Could you be the devil? Could you be an angel? / Your touch, magnetizing E.T.
58%
This was never the way I planned, not my intention / I got so brave, drink in hand, lost my discretion I Kissed A Girl
57%
'Cause I'm all that you want, boy / All that you can have, boy / Got me spread like a buffet / Bon a—, bon appétit, baby Bon Appetit
51%
I knew you were / You were gonna come to me / And here you are / But you better choose carefully Dark Horse
44%
Days like this, I want to drive away / Pack my bags and watch your shadow fade / You chewed me up and spit me out Part Of Me
42%
Oh no, did I get too close? / Oh, did I almost see what's really on the inside? / All your insecurities / All the dirty laundry Unconditionally
34%
Sipping on Rosé. Silver Lake sun. Coming up all lazy / Slow cooking pancakes for my boy, still up, still fresh as a Daisy This Is How We Do
26%
You gotta help me out / It's all a blur last night / We need a taxi 'cause you're hung-over and I'm broke Waking Up In Vegas
26%
A tiger / Don't lose no sleep / Don't need opinions / From a shellfish or a sheep / Don't you come for me Swish Swish
22%
Told them your dreams, and they all started laughing / I guess you're out of your mind 'til it actually happens Daisies
19%
Comparisons are easily done / Once you've had a taste of perfection / Like an apple hanging from a tree Thinking Of You
19%
Boy, tell me, can you take my breath away? / Cruisin' down a heart-shaped highway / Got you swervin' lane-to-lane, don't hit the brakes Harleys In Hawaii
18%
I saw a spider I didn't scream / 'Cause I can belch the alphabet / Just double dawg dare me / And I chose guitar over ballet One Of The Boys
18%
I heard you're feeling nothings going right / Why don't you let me stop by? / The clock is ticking, running out of time Birthday
17%
You sent a text / It's like the wind changed your mind / We were best friends / Yeah, we were building our life Ghost
16%
Please don't tip-toe / Come close, let's flow / Anchor in me, and get lost at sea / The world's your oyster and I am the pearl Tsunami
13%
Was 27, surviving my return of Saturn / A long vacation didn't sound so bad / Was full of secrets, locked up tight like Iron Mountain By The Grace Of God
12%
No matching quizzes found
Score Distribution
Percent of People with Each Score
Percentile by Number Answered
Your Score History
You have not taken this quiz